LEADER 01345nam a2200301 a 4500 001 000000124382 003 CaOOAMICUS 005 20110217150816.0 008 110217s2005 it c u000 u ita r 020 $a88-503-2329-8 040 $aPUL$bita 082 04$a005.75 100 1 $aD'Alessandro, Paolo.$0(OLS)http://pul/name/67511 245 10$aFilosofia dell'ipertesto :$besperienza di pensiero, scrittura elettronica, sperimentazione didattica /$cPaolo D'Alessandro, Igino Domanin. 260 $aMilano :$bApogeo,$c2005. 300 $a248 p. :$britr. ;$c24 cm. 504 $aBibliografia p. [235]-248. 650 4$aScrittura.$0(OLS)http://pul/subject/19368 650 4$aComunicazione e linguaggi.$0(OLS)http://pul/subject/25504 700 1 $aDomanin, Igino.$0(OLS)http://pul/name/78558 850 $aPUL 852 $aPUL$W1$xSL Cons. Gen., Altre Classi 3$y75$m005. 75 DALPA 1$j143181$qDDC 21$B142215$CPULBib$Z2$F142215 $H115507 $82 941 1 $a9 996 $6020$a88-503-2329-8$9(OLS)http://pul/number/146396 996 $6082$a005.75$9(OLS)http://pul/classification/1855 996 $6245$aFilosofia dell'ipertesto :$besperienza di pensiero, scrittura elettronica, sperimentazione didattica$9(OLS)http://pul/title/156793 996 $6260$aMilano :$bApogeo$9(OLS)http://pul/publisher/80101 LEADER 01222nam a2200301 u 4500 001 000000079616 003 CaOOAMICUS 005 20070226123546.0 008 040608s2004 it u000 u ita u 020 $a8822101367 035 $a10998283 040 $aPUL$bita 041 1 $aita$heng 100 1 $aDewey, John,$d1859-1952.$0(OLS)http://pul/name/11111 240 10$aExperience and education.$lItaliano.$0(OLS)http://pul/title/104266 245 10$aEsperienza e educazione /$cJohn Dewey. 260 $aFirenze :$bLa Nuova Italia,$c2004. 300 $axiv, 76 p. ;$c21 cm 490 1 $aEducatori antichi e moderni ;$v66 650 4$aEducazione.$0(OLS)http://pul/subject/4579 650 4$aEsperienza.$0(OLS)http://pul/subject/22368 830 0$aEducatori antichi e moderni ;$v66.$0(OLS)http://pul/title/13529 850 $aPUL 852 $aPUL$W1$xSL Diritto e Scienze Sociali 3$y79$m370 DEWJO 1$j101851$nBK-PRI$qDDC 21$B101851$CPULBib$Z2$F101851 $H95215 $82 941 1 $a9 996 $6020$a8822101367$9(OLS)http://pul/number/104788 996 $6245$aEsperienza e educazione$9(OLS)http://pul/title/104267 996 $6260$aFirenze :$bLa Nuova Italia$9(OLS)http://pul/publisher/48361